| 000 | 00486nam a22001697a 4500 | ||
|---|---|---|---|
| 005 | 20251108165007.0 | ||
| 008 | 250721s1978 xx 000 0 ara d | ||
| 082 | 1 | 4 | _a530/سكو |
| 100 | 1 | _aسكوايرز، ج. ل | |
| 245 | 1 | 0 | _aالفيزياء العملية / |
| 264 | 1 |
_aالقاهره : _bمؤسسة الأهرام، _c1978. |
|
| 300 | _a234ص : جداول | ||
| 650 | 1 | 7 | _aالفيزياء |
| 700 | 1 |
_aباشا، فؤاد _eترجمة |
|
| 942 |
_2ddc _cBK |
||
| 999 |
_c19363 _d19363 |
||